000 00345nam a2200145Ia 4500
008 191201s1998 xx 000 0 und d
082 _a677
_bKAT
100 _aKadoeph, Sara J
245 0 _aTextile
250 _a8th
260 _aN.Delhi
_bMerrill An inprint of Prentice Hall
_c1998
300 _a419
650 _aB.Tech(TE)
942 _2ddc
_cBK
999 _c2382
_d2382